01791cam a22004574i 4500003000900000005001700009008004100026020001500067035002700082040003300109049000900142082001700151100003100168245006200199264004000261300003800301336002100339337002500360338002300385505027000408526001000678526001000688526001000698526001000708526000800718526000800726526000800734526000800742526000800750526000800758526000800766650002600774910001800800942001400818949012400832994001400956596000600970999015000976980005501126952015201181PE-LiUPU20250731173522.0150616s r 000 0 d a0687197295 a(Sirsi) i9780687197293 aPE-LiUPUbspacPE-LiUPUerda aPRUA04a253bS312211 aSchaller, Lyle E.,eautor.10aIt's a Different World. The Challenge for today's Pastor. 1aNashville :bAbingdon Press,c1989. a239 páginas ;c21 centímetros atext2rdacontent aunmediated2rdamedia avolume2rdacarrier0 aIt is Harder Today.- The Sunny side of the Street.- From Mainline to Nondenominational.- What is the Liberal Position?.- The New Majority.- The Twenty-Nine-Year-Old Grandmother.- From Vocation to Profession?.- From Doorbell to Mailbox.- A World Filled with Choices. aSEG42 aSEG41 aSEG40 aSEG39 aP94 aP87 aP86 aP85 aP77 aP76 aP3504aPASTORES - FUNCIONES. ajckbjvqcjck 2ddccBOOK a253 S31wDEWEYc1i41896lCCODEBUL1mBULr0sYtBOOKu2015-6-16xTEOLOGIAzUNKNOWN0COMPRAo.STAFF. Colección General aC0bPEPRU a1 a253 S31wDEWEYc59658i41896f2021-11-10g5lCCODEBUL1mBULr0sYtBOOKu2015-6-16xTEOLOGIAzUNKNOWN0COMPRAo.STAFF. Colección Generald59658 81gALBERTO SANCHEZ Responsable de Automatización r2025-12-03 00:00:00i6l0o253 S31p41896te1w2015-06-16xPGyBKzinventario-2023-12-13102ddc50708GENfP94aBULbBULcGENd2015-06-16eCOMPRA